Magyar helységnevek eredete 2. /
Elmentve itt :
| Szerző: | |
|---|---|
| Dokumentumtípus: | Cikk |
| Megjelent: |
1930
|
| Sorozat: | Föld és ember
10 No. 3 |
| Kulcsszavak: | Földrajztudomány |
| Online Access: | http://acta.bibl.u-szeged.hu/10484 |
| LEADER | 00562nab a2200169 i 4500 | ||
|---|---|---|---|
| 001 | acta10484 | ||
| 005 | 20210622153306.0 | ||
| 008 | 161015s1930 hu o 0|| hun d | ||
| 040 | |a SZTE Egyetemi Kiadványok Repozitórium |b hun | ||
| 041 | |a hun | ||
| 100 | 1 | |a Virágh Rózsa | |
| 245 | 1 | 0 | |a Magyar helységnevek eredete |h [elektronikus dokumentum] : |b 2. / |c Virágh Rózsa |
| 260 | |c 1930 | ||
| 300 | |a 173-192 | ||
| 490 | 0 | |a Föld és ember |v 10 No. 3 | |
| 695 | |a Földrajztudomány | ||
| 856 | 4 | 0 | |u http://acta.bibl.u-szeged.hu/10484/1/fold_010_003_173-192.pdf |z Dokumentum-elérés |